| 000 | 00397nam a2200157Ia 4500 | ||
|---|---|---|---|
| 008 | 231217s9999 xx 000 0 und d | ||
| 020 | _a8178811715 | ||
| 041 | _aEnglish | ||
| 082 | _a332.6327 MAD;1 R | ||
| 100 | _aMadapati, Ravi S ed. | ||
| 245 | 0 | _aHedge funds : concepts and cases | |
| 260 |
_c2004 _bIcfai _aHyderabad |
||
| 300 | _axii, 200+A10 | ||
| 650 | _aHedge,funds | ||
| 942 | _cAA | ||
| 999 |
_c189794 _d189794 |
||